Art of Winning: (Record no. 192783)
[ view plain ]
| 000 -LEADER | |
|---|---|
| fixed length control field | 00690nam a22001937a 4500 |
| 005 - DATE AND TIME OF LATEST TRANSACTION | |
| control field | 20221007172505.0 |
| 010 ## - LCCN (DPL NO) | |
| LC control number | RP B-745771 |
| 020 ## - INTERNATIONAL STANDARD BOOK NUMBER | |
| International Standard Book Number | 9789391256470 |
| Terms of availability | 295.00 |
| 035 ## - SYSTEM CONTROL NUMBER | |
| System control number | B-745771 |
| 037 ## - SOURCE OF ACQUISITION | |
| Source of stock number/acquisition | Rupa |
| 082 ## - DEWEY DECIMAL CLASSIFICATION NUMBER | |
| Classification number | 158.1 |
| 100 ## - MAIN ENTRY--PERSONAL NAME | |
| Personal name | Pillai, Radhakrishnan |
| 245 ## - TITLE STATEMENT | |
| Title | Art of Winning: |
| Statement of responsibility, etc | Radhakrishnan Pillai |
| Remainder of title | The Chanakya Way/ |
| 260 ## - PUBLICATION, DISTRIBUTION, ETC. (IMPRINT) | |
| Place of publication, distribution, etc | New Delhi |
| Name of publisher, distributor, etc | Rupa |
| Date of publication, distribution, etc | 2021 |
| 270 ## - ADDRESS | |
| Address | 7/16,Ansari Road, Daryaganj |
| City | New Delhi |
| Postal code | 110002 |
| 300 ## - PHYSICAL DESCRIPTION | |
| Extent | 173p. |
| Dimensions | 20cm(pbk) |
| 942 ## - ADDED ENTRY ELEMENTS (KOHA) | |
| Source of classification or shelving scheme | Dewey Decimal Classification |
| Item type | English Books |
| Call number suffix | PIL |
| Classification part | 158.1 |
| Withdrawn status | Lost status | Not for loan | Collection code | Home library | Current library | Date acquired | Source of acquisition | Cost, normal purchase price | Full call number | Barcode | Copy number | Cost, replacement price | Koha item type |
|---|---|---|---|---|---|---|---|---|---|---|---|---|---|
| Non-fiction | Kasturba Gandhi Marg | Kasturba Gandhi Marg | 07/10/2022 | Aksharesh Enterprises/RP/095/20.9.22/92/01.9.22/23.9.22 | 295.00 | 158.1 PIL | B-745771 | 1 | 295.00 | English Books |
